000 00544nam a2200217Ia 4500
005 20250425161827.0
008 250425s9999 xx 000 0 und d
041 _aspa
082 _a343.056
100 _aGIRON GUERRERO, MIGUEL F
245 0 _aNOMENCLATURA ARANCELARIA: ANALISIS DEL SISTEMA ARMONIZADO
250 _a1A ED.
260 _aEcuador
_bS.E.
260 _aGUAYAQUIL
300 _a33
650 _aADUANAS-ECUADOR
650 _aARANCELES-ECUADOR
650 _aNOMENCLATURA ARANCELARIA
942 _c01
010 _a31318
999 _c216905
_d216905